Canadian Cities with Sports Teams - Statistics

General Stats
  • This quiz has been taken 85 times
    84 since last reset
  • The average score is 25 of 55
Answer Stats
City % Correct
Edmonton
96%
Toronto
96%
Vancouver
94%
Ottawa
91%
Montreal
90%
Calgary
89%
Winnipeg
86%
Hamilton
77%
Quebec City
77%
Halifax
71%
Regina
71%
Saint John
64%
Saskatoon
64%
London
59%
Windsor
59%
Moncton
57%
Mississauga
54%
Kelowna
53%
Red Deer
49%
Kingston
47%
Kamloops
44%
Kitchener
44%
Sudbury
43%
Brandon
40%
Medicine Hat
40%
Brampton
39%
Charlottetown
39%
Oshawa
39%
Gatineau
37%
Prince George
37%
Barrie
36%
Lethbridge
36%
Peterborough
36%
Sherbrooke
33%
Sault Ste. Marie
31%
Moose Jaw
29%
Prince Albert
29%
St. Catharines
29%
Belleville
27%
Guelph
27%
Rimouski
27%
Sarnia
27%
Sydney
27%
Drummondville
23%
Swift Current
21%
Owen Sound
20%
Rouyn-Noranda
20%
Victoriaville
20%
Cranbrook
19%
Chilliwack
17%
Bathurst
16%
Saguenay
16%
Baie-Comeau
14%
Shawinigan
14%
Blainville
13%
No matching quizzes found
Score Distribution
Percent of People with Each Score
Percentile by Number Answered
Your Score History
You have not taken this quiz since the last reset